书目信息 |
| 题名: |
汉语五百句
|
|
| 作者: | 林杏光 著 | |
| 分册: | ||
| 出版信息: | 西安 陕西人民出版社 1980 |
|
| 页数: | 106页 | |
| 开本: | 19cm | |
| 丛书名: | ||
| 单 册: | ||
| 中图分类: | H146.3 , H13 | |
| 科图分类: | ||
| 主题词: | 汉语-句法 , 句法-汉语 , 汉语--语义 , 汉语--语义学 , 汉语--词汇 , 训诂 | |
| 电子资源: | ||
| ISBN: | ||
| 000 | 00786nam0 2200301 45 | |
| 001 | 1562310062 | |
| 005 | 20150120171848.64 | |
| 010 | @dCNY0.26 | |
| 091 | @aCN@b9094.8 | |
| 100 | @a19960215d1980 em y0chiy0121 ea | |
| 101 | 0 | @achi |
| 102 | @aCN@b610000 | |
| 105 | @ay z 000yy | |
| 200 | 10 | @a汉语五百句@Ahan yu wu bai ju@e现代汉语句型初探@f林杏光著 |
| 210 | @a西安@c陕西人民出版社@d1980 | |
| 215 | @a106页@d19cm | |
| 517 | 1 | @a现代汉语句型初探@Axian dai han yu ju xing chu tan |
| 606 | @a汉语-句法 | |
| 606 | @a句法-汉语 | |
| 606 | 0 | @a汉语@x语义 |
| 606 | 0 | @a汉语@x语义学 |
| 606 | 0 | @a汉语@x词汇 |
| 606 | 0 | @a训诂 |
| 690 | @aH146.3@v3 | |
| 690 | @aH13@v4 | |
| 701 | 0 | @a林杏光@Alin xing guang@4著 |
| 801 | 0 | @aCN@bTSSF@c20150120 |
| 905 | @aZUCC@dH13@eJY381 | |
| 汉语五百句:现代汉语句型初探/林杏光著.-西安:陕西人民出版社,1980 |
| 106页;19cm |
| ISBN :CNY0.26 |
| ● |
| 相关链接 |
|
|
|
|
正题名:汉语五百句
索取号:H13/JY381
 
预约/预借
| 序号 | 登录号 | 条形码 | 馆藏地/架位号 | 状态 | 备注 |
| 1 | 7849713 | 278497137 | 学院路分馆/ [索取号:H13/JY381] | 在馆 | |
| 2 | 7849714 | 278497146 | 学院路分馆/ [索取号:H13/JY381] | 在馆 | |
| 3 | 7849715 | 278497155 | 学院路分馆/ [索取号:H13/JY381] | 在馆 | |
| 4 | 7849716 | 278497164 | 学院路分馆/ [索取号:H13/JY381] | 在馆 |